000 00709nas a2200241 4500
001 BR0807034
003 BR-BrBNA
005 20231205112155.0
007 ta
008 230509b bl.|||p| |||| 00| 00por d
040 _aBR-BrBNA
_bpor
_cBiblioteca Nacional de Agricultura
041 _a(Pt)
072 _aL20; L40
100 1 _aMessage, D.
245 1 _aAlguns mecanismos de resistência de abelhas Apis melliferea à patogenos e parasitas
650 _aABELHA
650 _aRESISTÊNCIA
650 _aDOENÇA ANIMAL
650 _aPARASITO
773 0 _tNaturalia (Brazil)
_xISSN 0001-1944
_g(1992), v. (1) p. 142-146
_wBR0807034
909 _a202311
_bLúcia
_c55
_dLúcia Elande
942 _2AGRIS
_n0
_cANA
999 _c196513
_d196513